[Event "Yanofsky Memorial op U1800"]
[Site "Winnipeg"]
[Date "2008.08.31"]
[Round "5"]
[White "Wood, Nathaniel"]
[Black "Tait, Bruce"]
[Result "1-0"]
[WhiteElo "1586"]
[BlackElo "1263"]
[PlyCount "45"]
[EventDate "2008.08.29"]
[EventType "swiss"]
[EventRounds "5"]
[EventCountry "CAN"]
[SourceTitle "EXT 2019"]
[Source "ChessBase"]
[SourceDate "2018.10.10"]
[SourceVersion "1"]
[SourceVersionDate "2018.10.10"]
[SourceQuality "1"]

1. e4 c6 2. d4 d5 3. Nc3 dxe4 4. Nxe4 Bf5 5. Ng3 Bg6 6. Nf3 Nd7 7. h4 h5 8. Bd3 Bxd3 9. Qxd3 Ngf6 10. Bd2 e6 11. 0-0-0 Qb6 12. Rhe1 Be7 13. Ng5 Nd5 14. Rxe6 g6 15. Nxf7 Rf8 16. Ne4 Qc7 17. Ned6+ Qxd6 18. Nxd6+ Kd8 19. c4 Nf4 20. Bxf4 Rxf4 21. Nxb7+ Kc7 22. Rxe7 Raf8 23. Nc5 1-0

[Event "Winnipeg Yanofsky Memorial U1800"]
[Site "Winnipeg"]
[Date "2007.09.02"]
[Round "5"]
[White "Tait, Bruce"]
[Black "Green, Leah"]
[Result "1-0"]
[WhiteElo "1195"]
[BlackElo "1250"]
[PlyCount "67"]
[EventDate "2007.08.31"]
[EventType "swiss"]
[EventRounds "5"]
[EventCountry "CAN"]
[SourceTitle "EXT 2022"]
[Source "ChessBase"]
[SourceDate "2021.10.06"]
[SourceVersion "1"]
[SourceVersionDate "2021.10.06"]
[SourceQuality "1"]

1. c4 e5 2. Nc3 Nf6 3. e3 Nc6 4. d4 d6 5. g3 g6 6. Nge2 Bg7 7. Bg2 Be6 8. d5 Bg4 9. dxc6 Bxe2 10. Qxe2 b6 11. 0-0 0-0 12. b3 Ng4 13. Ba3 e4 14. Rac1 Bxc3 15. Rxc3 Qf6 16. Bb2 Rac8 17. Rd1 Qe5 18. Rd5 Qe6 19. Rc1 Nf6 20. Bc3 Nxd5 21. cxd5 Qxd5 22. Bd4 Qa5 23. Qb2 f6 24. Bxf6 Rxf6 25. Qxf6 Qxa2 26. Qc3 d5 27. Bh3 Rf8 28. Be6+ Rf7 29. Bxf7+ Kxf7 30. Qe5 Qxb3 31. Qxc7+ Ke8 32. Qc8+ Ke7 33. Qd7+ Kf8 34. c7 1-0

[Event "Winnipeg Yanofsky Memorial U1800"]
[Site "Winnipeg"]
[Date "2007.09.01"]
[Round "2"]
[White "Webb, Calvin J"]
[Black "Tait, Bruce"]
[Result "1-0"]
[WhiteElo "1666"]
[BlackElo "1195"]
[PlyCount "97"]
[EventDate "2007.08.31"]
[EventType "swiss"]
[EventRounds "5"]
[EventCountry "CAN"]
[SourceTitle "EXT 2022"]
[Source "ChessBase"]
[SourceDate "2021.10.06"]
[SourceVersion "1"]
[SourceVersionDate "2021.10.06"]
[SourceQuality "1"]

1. d4 d5 2. c4 e6 3. Nc3 Nf6 4. Bg5 Be7 5. Nf3 c6 6. e3 Nbd7 7. Bd3 Qa5 8. Bh4 dxc4 9. Bxc4 b5 10. Bb3 Bb7 11. 0-0 0-0 12. Qe2 Rfe8 13. Rfe1 a6 14. e4 Bb4 15. Rac1 Rac8 16. a3 Bxc3 17. Rxc3 Qb6 18. e5 Nd5 19. Rc2 c5 20. dxc5 Nxc5 21. Ba2 Rc7 22. b4 Nd7 23. Rec1 Rec8 24. Bxd5 Bxd5 25. Bg3 Qb7 26. Rxc7 Rxc7 27. Rxc7 Qxc7 28. Qd2 Qc6 29. Nd4 Qb7 30. f4 f6 31. exf6 Nxf6 32. Bh4 Ne4 33. Qc2 Bc4 34. Nf3 Qd5 35. Bf2 Nxf2 36. Kxf2 Qf5 37. Qxf5 exf5 38. Ke3 h6 39. Kd4 Bf1 40. g3 Kf8 41. Kc5 Bg2 42. Nd4 Be4 43. Kb6 g5 44. Kxa6 Bd3 45. Kb6 Ke7 46. Nxb5 Bxb5 47. Kxb5 Kd6 48. Kc4 gxf4 49. gxf4 1-0